| 000 | 00537nam a2200181 a 4500 | ||
|---|---|---|---|
| 001 | 1770805515321 | ||
| 003 | YourLibrary | ||
| 005 | 20260211155849.0 | ||
| 008 | 260211s2004##################000#0#eng## | ||
| 020 | _a9783631519257 | ||
| 082 | 0 | 4 |
_a333.7068 _bNIP.3 |
| 100 | 1 |
_aDrebenstedt, Carsten, _eauthor. |
|
| 245 | 1 | 0 | _aResources in Our Day-to-day Life : |
| 260 |
_bPeter Lang Gmbh, Internationaler Verlag Der Wissenschaften, _c2004. |
||
| 650 | 0 | _aNatural resources. | |
| 942 | _cENGLISH | ||
| 040 |
_aYourLibrary _beng _cYourLibrary |
||
| 999 |
_c611787 _d611787 |
||